Conservacion de frutos, manual tecnico /

Guardado en:
Autor Principal: Herrero Alfonso
Formato: Libro
Publicado: Madrid : Mundi-prensa, 1992
Materias:
Etiquetas: Agregar Etiqueta
Sin Etiquetas, Sea el primero en etiquetar este registro!
LEADER 00580nam a22001935a 4500
001 CEM.cems016859
005 20091116085357.0
008 130507s1992##################000#0#####d
003 CEMS
082 0 4 |a 641.4 
100 1 |a Herrero Alfonso 
245 1 0 |a Conservacion de frutos, manual tecnico /  |c Alfonso Herrero, Jorge Guardia 
260 |a Madrid :  |b Mundi-prensa,  |c 1992 
300 |a 407 p. 
653 |a Pera-conservacion 
653 |a Fruto 
653 |a Manzana-conservacion 
653 |a Frutos-conservacion 
859 |a CEMS  |b BIB. CEMS - Agricultura  |h 641.4  |i H434  |p A18755.95  |t Ej.1  |v 1  |3 Vol. 1